Random Trivia #6 - Sports - Statistics

General Stats
  • This quiz has been taken 25 times
  • The average score is 15 of 16
Answer Stats
Picture Answer % Correct
Baseball
100%
Basketball
100%
Golf
100%
Karate
100%
Soccer
100%
Swimming
100%
Tennis
100%
Volleyball
100%
Archery
96%
Football
96%
Fencing
92%
Wrestling
92%
Cricket
88%
Cycling
88%
Badminton
83%
Dodgeball
71%
No matching quizzes found
Score Distribution
Percent of People with Each Score
Percentile by Number Answered
Your Score History
You have not taken this quiz